000 00235nam a22001097a 4500
999 _c261025
_d261024
020 _a139780439906784
100 _aAndrew Clements
245 _aThe Report Card
260 _aNew York
_bScholastic
_c2004
300 _a173
942 _cBK